000 004600000a22001930004500
001 002670
003 MACL
005 20151004131226.0
008 151004b xxu||||| |||| 00| 0 eng d
040 _aMACL
_cMACL
041 _aEnglish
082 _a910/SIN
100 _aSingh, A.P.
_9297
245 _aMonuments of Mandu
_cA.P. Singh
260 _aDelhi
_c1964
_bAgam Kala Prakashan,
350 _a850
650 _aGeography
_913623
942 _k910
_cBK
_2ddc
999 _c14579
_d14579